000 01258nam a2200337Ia 4500
001 ebr10738049
003 CaPaEBR
006 m o u
007 cr cn|||||||||
008 130802s2013 at s 001 0 eng d
020 _z9781118445709
020 _z9781118662342
040 _aCaPaEBR
_cCaPaEBR
035 _a(OCoLC)857067638
050 1 4 _aHG4638
_b.D67 2013eb
082 0 4 _a332.63/222
_223
100 1 _aDorsey, Thomas J.
245 1 0 _aPoint and figure charting
_h[electronic resource] :
_bthe essential application for forecasting and tracking market prices /
_cThomas J. Dorsey.
250 _a4th ed.
260 _aHoboken, NJ :
_bWiley,
_cc2013.
300 _aix, 386 p.
490 0 _aWiley trading series
500 _aIncludes index.
533 _aElectronic reproduction.
_bPalo Alto, Calif. :
_cebrary,
_d2013.
_nAvailable via World Wide Web.
_nAccess may be limited to ebrary affiliated libraries.
650 0 _aStocks
_xPrices
_vCharts, diagrams, etc.
650 0 _aSpeculation.
650 0 _aStock price forecasting.
655 7 _aElectronic books.
_2local
710 2 _aebrary, Inc.
856 4 0 _uhttp://site.ebrary.com/lib/rucke/Doc?id=10738049
_zAn electronic book accessible through the World Wide Web; click to view
999 _c36354
_d36354